|
|
|
|
| LEADER |
00995nam a22002417a 4500 |
| 001 |
27884 |
| 003 |
BD-DhAAL |
| 005 |
20140224164810.0 |
| 008 |
140224b2011 ii a|||| b||| 000 0 eng d |
| 020 |
|
|
|a 8186641424
|
| 040 |
|
|
|a BD-DhAAL
|c BD-DhAAL
|
| 082 |
|
|
|2 22
|a 351.54
|
| 245 |
|
|
|a Transparent governance in South Asia :
|b background papers and proceedings of the regional workshop on 'towards more open and transparent governance in South Asia'.
|
| 260 |
|
|
|a New Delhi :
|b Indian Institute of public Administration,
|c 2011
|
| 300 |
|
|
|a xxvi, 316 p. :
|b ill. ;
|c 23 cm.
|
| 504 |
|
|
|a Includes bibliographical references
|
| 541 |
|
|
|e 27884
|
| 650 |
|
|
|a Public administration
|z South Asia
|9 2969
|
| 710 |
|
|
|a Indian Institute of public Administration
|9 3886
|
| 852 |
|
|
|a Ayesha Abed Library
|c General Stacks
|
| 942 |
|
|
|2 ddc
|c BK
|
| 999 |
|
|
|c 14182
|d 14182
|
| 952 |
|
|
|0 0
|1 0
|2 ddc
|4 0
|6 351_540000000000000_TRA
|7 0
|9 23923
|a BRACUL
|b BRACUL
|c GEN
|d 2014-02-24
|l 0
|o 351.54 TRA
|p 3010027884
|r 2014-02-24
|t 1
|w 2014-02-24
|y BK
|